000
00213 a2200097 4500
001
59678
100
_a
245
_a
Cryptography and network security
260
_a
UK
_b
Mc Graw Hill
_c
2006
090
_c
36553
_d
36553
942
_a
NUST-CAE
_c
_c
29506
999
_c
294751
_d
294751